LEADER 01204nam a2200301 a 4500 001 000000134650 003 CaOOAMICUS 005 20130627105701.0 008 130627s1986 it af u000 u ita r 020 $a88-14-00805-1 040 $aPUL$bita 041 1 $aita$hger 100 1 $aSchmitt, Carl,$d1888-1985.$0(OLS)http://pul/name/27304 245 10$aScritti su Thomas Hobbes /$cCarl Schmitt ; a cura di Carlo Galli. 260 $aMilano :$bGiuffrè,$c1986. 300 $aVIII, 197 p., [5] c. di tav. :$bill. ;$c24 cm 490 1 $aArcana Imperii ;$v13 600 14$aHobbes, Thomas,$d1588-1679$xPensiero politico e sociale.$0(OLS)http://pul/subject/22923 700 1 $aGalli, Carlo.$0(OLS)http://pul/name/2733 830 0$aArcana Imperii ;$v13.$0(OLS)http://pul/title/37045 850 $aPUL 852 $aPUL$W1$xDP1 Fondo E. Rossi$y115$m1 S 41$j154854$qFondi$B154395$CPULBib$Z2$F154395 $82 941 1 $a1 961 $aSul dorso collocazione ms. di E. Rossi: S 14 1 996 $6020$a88-14-00805-1$9(OLS)http://pul/number/153142 996 $6245$aScritti su Thomas Hobbes$9(OLS)http://pul/title/170272 996 $6260$aMilano :$bGiuffrè$9(OLS)http://pul/publisher/48401 LEADER 01703nam a2200337 a 4500 001 000000147912 003 CaOOAMICUS 005 20151203093022.0 008 151203s2015 gw u000 u ger r 020 $a978-3-579-02694-7 (v. 1-2)* 032 $aLibriCat 040 $aPUL$bita 100 1 $aBuber, Martin,$d1878-1965.$0(OLS)http://pul/name/5557 245 10$aChassidismus III :$bdie Erzählungen der Chassidim /$cMartin Buber ; Herausgegeben, eingeleitet und kommentiert von Ran HaCohen. 260 $aGütersloh :$bGütersloher Verlagshaus,$c©2015. 300 $a2 v. :$c23 cm. 490 1 $aMartin Buber Werkausgabe ;$v18.1-2 504 $aInclude riferimenti bibliografici ed indice. 505 0 $aV. 1. Text. -- v. 2. Kommentar. 650 4$aChassidismo.$0(OLS)http://pul/subject/41757 700 1 $aHaCohen, Ran.$0(OLS)http://pul/name/84561 800 1 $aBuber, Martin,$d1878-1965.$tOpere.$0(OLS)http://pul/nameTitle/1137$0(OLS)http://pul/name/5557$0(OLS)http://pul/title/5258 830 0$aMartin Buber Werkausgabe ;$v18.1-2.$0(OLS)http://pul/title/151025 850 $aPUL 852 $aPUL$W1$xSL Religione 1$y3$m7(1) M 8.18.1$j170747$bv. 1$qStampati$B171730$CPULBib$Z2$F171730 $H126680 $81 852 $aPUL$W1$xSL Religione 1$y3$m7(1) M 8.18.2$j170748$bv. 2$qStampati$B171731$CPULBib$Z2$F171731 $H126681 $81 941 1 $a8 996 $6020$a978-3-579-02694-7 (v. 1-2)*$9(OLS)http://pul/number/159166 996 $6245$aChassidismus III :$bdie Erzählungen der Chassidim$9(OLS)http://pul/title/186644 996 $6260$aGütersloh :$bGütersloher Verlagshaus$9(OLS)http://pul/publisher/67356